Statystyki dla Filmy w których grał Johnny Depp

Kliknij tutaj aby rozwiązać quiz!

Ogólne statystyki

  • Ten quiz został rozwiązany 69 razy
    (65 od ostatniego zresetowania)
  • Średni wynik to 5 z 18

Statystyki odpowiedzi

Odpowiedź% Poprawnych
Piraci z Karaibów
98%
Charlie i fabryka czekolady
56%
Edward Nożycoręki
56%
Alicja w Krainie Czarów
44%
Fantastyczne zwierzęta
35%
Jeździec bez głowy
35%
Mroczne cienie
29%
Sweeney Todd
29%
Alicja po drugiej stronie lustra
19%
Turysta
19%
Morderstwo w Orient Expressie
17%
Blow
15%
Jeździec znikąd
15%
Czekolada
13%
Bezwstydny Mortdecai
12%
Wrogowie publiczni
10%
Marzyciel
8%
Z piekła rodem
6%

Rozkład punktacji

Percentyl według liczby udzielonych odpowiedzi

Procent ludzi z każdym wynikiem

Twoja historia wyników

Nie rozwiązałeś tego quizu od ostatniego zresetowania